Proceedings of the twenty second annual ACM Symposium on Theory of Computing : Baltimore, Maryland, May 14-16, 1990 /

Guardado en:
Autores Corporativos: ACM Symposium on Theory of Computing Baltimore, Maryland), ACM Special Interest Group for Automata and Computability Theory.
Formato: Libro
Idioma:English
Publicado: New York : ACM Press, c1990.
Etiquetas: Agregar Etiqueta
Sin Etiquetas, Sea el primero en etiquetar este registro!
LEADER 00816nam a22001695a 4500
001 MAT.inmabb004976
008 080822s1990####nyua#####b####101#0#eng#d
005 20160606175027.0
245 1 0 |a Proceedings of the twenty second annual ACM Symposium on Theory of Computing :  |b Baltimore, Maryland, May 14-16, 1990 /  |c sponsored by the ACM Special Interest Group for Automata and Computability Theory. 
260 |a New York :  |b ACM Press,  |c c1990. 
300 |a viii, 574 p. :  |b il ;  |c 28 cm. 
504 |a Incluye referencias bibliográficas e índice de autores. 
020 |a 0897913612 
111 2 |a ACM Symposium on Theory of Computing  |n (22º :  |d 1990 :  |c Baltimore, Maryland) 
710 2 |a ACM Special Interest Group for Automata and Computability Theory. 
084 |a 68-06 (68Qxx)  |2 msc2000 
859 |h 68  |i Ac184-22  |p A-6305  |b BIB. MATEMATICA